Score 0/45 Timer 10:00
0 Plays Today
% Correct
“...was definitely the time I saw him last.”
90.2%
“Still want him in your pack?”
87.1%
“YES!”
85.9%
“A unicorn. What do you think, dumbass?”
84.6%
“If you ask the questions without the usual level of stupid.”
84%
“But it’s the color of the Mets!”
82.8%
“Yes, a family murdering axe murderer!”
82.6%
“It’s sixty-five degrees out.”
81.2%
“Well, he's failing two classes, he's a little socially awkward, and if you look closely his jaw line is a little uneven.”
80.3%
“But what if he's red-handed 'cause his hands are covered in the blood of the person that he just stabbed to death?“
79.8%
“I know. It keeps me awake at night.”
78.8%
“...being alone is way worse.”
78.2%
“Because you trust everyone!”
78.1%
“Reclining your body...in a horizontal position.”
77.9%
“...I think you’re just gonna have to take me with you.”
77.4%
“I don't know that, Danny, okay? It's your dream. Take responsibility for it.“
77.1%
“I’ve been scarlet-nerded by you.”
76.2%
“I prefer to think of it as me not having been on her radar.”
76.2%
“Well, there's also death in numbers, okay? It's called a massacre.”
75.2%
“I had a boa, once. I can do it.”
75%
“You read that movie?”
73.8%
“No. We found him buried in a tomb of wolfsbane in an Azetec temple in Mexico underneath a church in the middle of a town that was destroyed by an earthquake.“
73.6%
“And I'm standing here like a friggin' idiot, all by myself with a handful of magic fairy dust!”
69.7%
% Correct
“Well, I don't know how to help you help me tell you something that would help you if I don't know it.“
68.2%
“Maybe my face just has, like, a naturally interrogatory expression.“
65.8%
“Not under this kind of pressure.”
65.1%
“I’m trying to extend your life!”
62.4%
“Phonetically.”
61.2%
“Oh, yeah? How? By punching her in the face?”
61.1%
“I run one way, you run the other, if he catches either of us, too bad.“
60.6%
“I know, you’re a werewolf! Rawr!”
60%
“No. I could put it on my to-do list if you just let me go.”
59.3%
“Well, It’s not doing a very good job of it.”
55.2%
“You mean, like light myself on fire? I don't think I'm up for that.”
55%
“Is that it on the board behind you?”
54.6%
“I guess the only good thing is that it looks like I’m dying too.”
51.7%
“Something dangerous or something idiotic?”
51%
“Well, no one got seriously hurt.”
50.1%
“Well, I’m terrified, and I’m not even on the list.”
48.8%
“We'll do the alphabet, start with 'F,' end with 'U.'
45.2%
“You got claws, I got a bat.”
45.2%
“Okay, your family's got some serious communication issues to work on.“
39.5%
“If you think getting rid of contractions in all your sentences makes your argument any more legitimate, you ARE wrong.”
39.4%
“Then you’re borderline idiotic.”
37.7%
“It just makes me crazy!”
31.5%
Remove Ads.
Support Sporcle.
Get the best of Sporcle when you Go Orange. This ad-free experience offers more features, more stats, and more fun while also helping to support Sporcle. Thank you for becoming a member.

You're not logged in!

Compare scores with friends on all Sporcle quizzes.
OR
Log In

Sporcle TV

Today on Sporcle TV


Watch our educational content, quiz creation guides, and fun videos on Sporcle TV.

Show Comments

Extras

Top Quizzes Today


Score Distribution

Paid Content

Your Account Isn't Verified!

In order to create a playlist on Sporcle, you need to verify the email address you used during registration. Go to your Sporcle Settings to finish the process.

Report this User

Report this user for behavior that violates our Community Guidelines.

Details: